El Jurado y su planteamiento en España (Record no. 163802)

MARC details
000 -LEADER
campo de control de longitud fija 00816nam a22002171i 4500
001 - NÚMERO DE CONTROL
campo de control 163802
003 - IDENTIFICADOR DE NÚMERO DE CONTROL
campo de control ES-MaACL
005 - FECHA Y HORA DE LA ÚLTIMA TRANSACCIÓN
campo de control 20230906212820.0
008 - DATOS DE LONGITUD FIJA--INFORMACIÓN GENERAL
campo de control de longitud fija 050718s1882 sp | |||||||| ||spa d
040 ## - FUENTE DE CATALOGACIÓN
Centro catalogador/agencia de origen CAM
Lengua de catalogación spa
Centro/agencia transcriptor CAM
100 1# - ENTRADA PRINCIPAL--NOMBRE DE PERSONA
Nombre de persona Rodríguez Pinilla, Tomás.
9 (RLIN) 143531
245 13 - MENCIÓN DEL TÍTULO
Título El Jurado y su planteamiento en España
Resto del título : bosquejo histórico-crítico de la importancia y de los beneficios de la institución ... /
Mención de responsabilidad, etc. por Rodríguez Pinilla.
250 ## - MENCION DE EDICION
Mención de edición 2ª ed.
260 ## - PUBLICACIÓN, DISTRIBUCIÓN, ETC.
Lugar de publicación, distribución, etc. Madrid :
Nombre del editor, distribuidor, etc. Administración: Ventura Rodríguez, 8,
Fecha de publicación, distribución, etc. 1882.
300 ## - DESCRIPCIÓN FÍSICA
Extensión 110 p. ;
Dimensiones 16 cm.
490 1# - MENCIÓN DE SERIE
Mención de serie Biblioteca democrática
650 #4 - PUNTO DE ACCESO ADICIONAL DE MATERIA--TÉRMINO DE MATERIA
Término de materia o nombre geográfico como elemento de entrada Jurado-
Subdivisión geográfica España.
9 (RLIN) 168369
830 0# - PUNTO DE ACCESO ADICIONAL DE SERIE-TÍTULO UNIFORME
Título uniforme Biblioteca democrática
9 (RLIN) 222301
852 ## - LOCALIZACIÓN
Ubicación ES-MaACL
Número de control de estantería D-3806
Nota libre -- Sin enc.
-- -- Legado de Modesto de La Fuente
Holdings
Estatus retirado Estado de pérdida Estado de daño No para préstamo Colección Biblioteca de origen Biblioteca actual Ubicación en estantería Fecha de adquisición Fuente de adquisición Total de préstamos Signatura topográfica completa Código de barras Visto por última vez Precio de reemplazo Tipo de ítem Koha
        Libros del s. XIX Biblioteca del Ateneo de Madrid Biblioteca del Ateneo de Madrid Sala Valle Inclán 17/01/2008     D-3806 901171663 23/02/2023 23/02/2023 Libro impreso antiguo